000 00819nam a22002897a 4500
001 5121
003 FISKH
005 20241107083602.0
008 241107b cb ||||| |||| 00| 0 eng d
020 _a9780439064675
040 _aFISKH
_beng
_cFISKH
_dFISKH
082 _a790
100 _aTarlow, Ellen
245 _aWe like to play! /
_cWritten by Ellen Tarlow Illustrated by Luisa D'Augusta
250 _aPublished in 2000
260 _aNew York :
_bScholastic,
_c2000.
300 _a8 pages :
_bColor illustrations ;
_c23 cm
505 _aC
520 _aChildren tell what they like to do.
521 8 _a50L
_bLexile
521 8 _aC
_bRaz-Plus
650 _2Big book
_aReading set
650 _2Fiction
_aFriends
700 _aD'Augusta, Luisa
_dIllustrator
942 _2ddc
_cBK
_n0
999 _c5121
_d5121